Statystyki dla Który kraj ma więcej przypadków na koronawirusa?

Kliknij tutaj aby rozwiązać quiz!

Ogólne statystyki

  • Ten quiz został rozwiązany 28 razy
  • Średni wynik to 3 z 15

Statystyki odpowiedzi

ZagadnienieOdpowiedź% Poprawnych
który kraj ma najwięcej przypadków?Turcja
46%
który kraj ma najwięcej przypadków?Hiszpania
43%
który kraj ma najwięcej przypadków?Bangladesz
32%
który kraj ma najwięcej przypadków?Białoruś
32%
który kraj ma najwięcej przypadków?Ukraina
32%
który kraj ma najwięcej przypadków?Iran
29%
który kraj ma najwięcej przypadków?Katar
29%
który kraj ma najwięcej przypadków?Indie
21%
który kraj ma najwięcej przypadków?Singapur
18%
który kraj ma najwięcej przypadków?Bahrajn
14%
który kraj ma najwięcej przypadków?Chile
14%
który kraj ma najwięcej przypadków?Pakistan
14%
który kraj ma najwięcej przypadków?Estonia
11%
który kraj ma najwięcej przypadków?Armenia
7%
który kraj ma najwięcej przypadków?Macedonia
4%

Rozkład punktacji

Percentyl według liczby udzielonych odpowiedzi

Procent ludzi z każdym wynikiem

Twoja historia wyników

Nie rozwiązałeś tego quizu